000 00369nam a2200157Ia 4500
003 OSt
005 20240129104156.0
008 170524s9999 xx 000 0 und d
020 _a978-0195690873
040 _cIIMT UNIVERSITY
100 _aBEDI - KANISSKA
100 _c2007
245 0 _aPRODUCTION AND OPERATION MANAGENT
260 _aOXFORD EDU.
942 _2ddc
_c01
999 _c2401
_d2401